| 000 | 00466nam a2200169Ia 4500 | ||
|---|---|---|---|
| 003 | SGT | ||
| 020 | _a9788187522089 | ||
| 082 |
_a4.64 _bHUS |
||
| 100 | _aHusain,Ashfaq | ||
| 245 | _aNetworks and systems | ||
| 250 | _a2nd Ed. | ||
| 260 |
_bKhanna Books Publishing Co. Ltd. _aN. Delhi _c2008 |
||
| 300 | _a1145p. | ||
| 650 | _aCOMPUTER SCIENCE | ||
| 653 | _aINTRODUCTION,CIRCUIT ELEMENTS,SIGNAL WAVEFORM,KIRCHHOFF'S LAWS AND EQUIVALENT NETWORKS | ||
| 942 |
_2ddc _cBK |
||
| 999 |
_c4981 _d4981 |
||